Statistics for French vocabulary - Holidays

Click here to take the quiz!

General Stats

  • This quiz has been taken 40 times
  • The average score is 11 of 20

Answer Stats

HintAnswer% Correct
The beachLa plage
100%
The seaL'océan / La mer
95%
To travelVoyager
90%
MountainsMontagnes
85%
SunglassesLunettes de soleil
70%
LuggageBagage / Valise
65%
To rentLouer
65%
To bookRéserver
65%
To spend moneyDépenser de l'argent
60%
Solar creamCreme solaire
55%
To landAtterrir
45%
To tanBronzer
45%
Delayed (flight)Retardé
45%
A tripUn voyage
45%
To take offDécoller
40%
To partyFaire la fete
35%
A stayUn séjour
35%
ATMDistributeur
30%
HangoverGueule de bois
25%
To check-inS'enregistrer
20%

Score Distribution

Percentile by Number Answered

Percent of People with Each Score

Your Score History

You have not taken this quiz